|
|
|
|
| LEADER |
00956nam a2200241 a 4500 |
| 001 |
404 |
| 008 |
130724s1974 caua 001 0 eng d |
| 040 |
|
|
|a DLC
|c DLC
|d DLC
|d BD-DhAAL
|
| 082 |
0 |
0 |
|a 635
|2 19
|
| 245 |
0 |
0 |
|a Vegetable gardening /
|c by the editorial staffs of Sunset books and Sunset magazine.
|
| 260 |
|
|
|a Menlo Park, Calif. :
|b Lane Books,
|c 1974.
|
| 300 |
|
|
|a 72 p. :
|b ill. (some col.) ;
|c 28 cm.
|
| 500 |
|
|
|a At head of title: A sunset book.
|
| 500 |
|
|
|a Spine title: Vegetable gardening.
|
| 500 |
|
|
|a Includes index.
|
| 541 |
|
|
|e 404
|
| 650 |
|
0 |
|a Vegetable gardening.
|
| 650 |
|
0 |
|a Fruit-culture.
|
| 730 |
0 |
|
|a Sunset.
|
| 730 |
0 |
|
|a Basic gardening illustrated.
|
| 852 |
1 |
|
|a Ayesha Abed Library
|j General shelf.
|
| 999 |
|
|
|c 13725
|d 13725
|
| 952 |
|
|
|0 0
|1 0
|2 ddc
|4 0
|6 635_000000000000000_VEG
|7 0
|9 22970
|a BRACUL
|b BRACUL
|c GEN
|d 2013-07-27
|g 0.00
|l 1
|m 1
|o 635 VEG
|p 3010000404
|r 2014-10-13
|s 2014-10-02
|t 1
|w 2013-07-27
|y BK
|z Not price in Register
|x Not price in Register
|